MARC

LEADER 00000nam0a2200000 4500
001 23253
005 20231030195205.0
010 |a 5878521253 
035 |a (RuTPU)RU\TPU\book\23471 
035 |a BOOK00023543 
090 |a 23253 
100 |a 20011209d2000 m y0rusy50 ca 
101 0 |a rus 
102 |a RU 
105 |a y j 000zy 
200 1 |a Деловая психология  |e курс лекций  |f А. В. Морозов 
210 |a СПб.  |c Издательство Союз  |d 2000 
215 |a 576 с. 
451 1 |0 (RuTPU)RU\TPU\book\49449  |y 5-94033-123-8  |t Деловая психология  |o Курс лекций  |o учебник  |f А. В. Морозов  |c СПб.  |n Союз  |d 2002  |p 576 с.  |a Морозов, А. В. 
610 1 |a психология 
610 1 |a социальная психология 
610 1 |a деловая психология 
610 1 |a личность 
610 1 |a коллектив 
610 1 |a общение 
610 1 |a деловое общение 
610 1 |a конфликты 
610 1 |a управление 
610 1 |a этика 
610 1 |a деловые отношения 
610 1 |a бизнес 
610 1 |a учебные пособия 
686 |a Ю954я73  |v LBC/SL-A  |2 rubbk 
686 |a Ю953я73  |v LBC/SL-A  |2 rubbk 
700 1 |a Морозов  |b А. В. 
801 0 |a RU  |b 63413507  |c 20011209  |g PSBO 
801 2 |a RU  |b 63413507  |c 20170427  |g PSBO 
900 |a Деловое общение 
900 |a Деловые и общественные отношения 
942 |c BK